Countries with the same letter neighbors - Statistics

General Stats
  • This quiz has been taken 51 times
    13 since last reset
  • The average score is 13 of 13
Answer Stats
Country Answer % Correct
Armenia Azerbaijan
100%
Brazil Bolivia
100%
Central African Republic Chad
100%
Guinea-Bissau Guinea
100%
Iran Iraq
100%
Latvia Lithuania
100%
Mali Mauritania
100%
Nigeria Niger
100%
Sudan South Sudan
100%
Zimbabwe Zambia
100%
Burkina Faso Benin
92%
Ethiopia Eritrea
92%
Central African Republic Cameroon
85%
No matching quizzes found
Score Distribution
Percent of People with Each Score
Percentile by Number Answered
Your Score History
You have not taken this quiz since the last reset